000 01188cam a22002894a 4500
001 13490079
005 20250129195254.0
008 040213s2005 nyua b 001 0 eng
020 _a0071391401 (set)
020 _a007139141X (v. 1)
020 _a0071391428 (v. 2)
020 _a9780071402354
050 0 0 _aRC46
_b.H333 2005
082 0 0 _a616
_222
245 0 0 _aHarrison's principles of internal medicine.
_ceditors, Dennis L. Kasper ... [et al.].
250 _a16th ed. /
_beditors, Dennis L. Kasper ... [et al.].
260 _aNew York :
_bMcGraw-Hill, Medical Pub. Division,
_cc2005.
300 _a2 v. (xxvii, 2607, [15, 128] p.) :
_bill. (some col.) ;
_c28 cm.
650 0 _aInternal medicine.
650 1 2 _aInternal Medicine.
700 1 _aKasper, Dennis L.
700 1 _aHarrison, Tinsley Randolph,
_d1900-1978.
_tPrinciples of internal medicine.
856 4 2 _3Publisher description
_uhttp://www.loc.gov/catdir/description/mh051/2004044931.html
856 4 2 _3Contributor biographical information
_uhttp://www.loc.gov/catdir/bios/mh041/2004044931.html
856 4 1 _3Table of contents
_uhttp://www.loc.gov/catdir/toc/mh041/2004044931.html
942 _2lcc
_cBK
_e16th ed.
_n0
999 _c3237
_d3237